LEADER 01053cam0-2200337---450- 001 990004200000403321 005 20090910142424.0 035 $a000420000 035 $aFED01000420000 035 $a(Aleph)000420000FED01 035 $a000420000 100 $a19990604d1961----km-y0itay50------ba 101 0 $aita 102 $aIT 105 $ay---e---000yy 200 1 $aDizionario etimologico italiano$econcordato coi dialetti, le lingue straniere e la topo-onomastica$fDante Olivieri 205 $a2. ed. riv. 210 $aMilano$cCeschina$d1961 215 $a811 p.$d24 cm 225 1 $aBiblioteca italiana di opere di consultazione 610 0 $aLingua italiana$aDizionari etimologici 676 $a452.03 700 1$aOlivieri,$bDante$f<1877-1964>$0164808 801 0$aIT$bUNINA$gRICA$2UNIMARC 901 $aBK 912 $a990004200000403321 952 $a452.03 OLI 1A$bIst.f.m.8260$fFLFBC 952 $a452.03 OLI 1A BIS$bIst.glott.483$fFLFBC 959 $aFLFBC 996 $aDizionario etimologico italiano$9304631 997 $aUNINA LEADER 00952nam0 22002411i 450 001 UON00202850 005 20231205103300.885 100 $a20030730d1971 |0itac50 ba 101 $afre 102 $aFR 105 $a|||| ||||| 200 1 $aˆLe ‰ pouvoir africain$eeléments d'une sociologie politique de l'Afrique Noire et de sa diaspora aux amériques$fJean Ziegler 210 $aParis$cEd. du Seuil$d1971. 227 p. ; 21 cm. 606 $aEtnologia$xAfrica$3UONC018735$2FI 620 $aFR$dParis$3UONL002984 700 1$aZiegler$bJean$3UONV051040$0298981 712 $aÉditions du Seuil$3UONV254259$4650 801 $aIT$bSOL$c20250627$gRICA 899 $aSIBA - SISTEMA BIBLIOTECARIO DI ATENEO$2UONSI 912 $aUON00202850 950 $aSIBA - SISTEMA BIBLIOTECARIO DI ATENEO$dSI A E 0069 $eSI SS 1195 5 0069 996 $aPouvoir africain$9654891 997 $aUNIOR